000 00628nam a2200229Ia 4500
003 OSt
005 20220918230821.0
006 a|||||r|||| 00| 0
007 ta
008 220917b |||||||| |||| 00| 0 eng d
024 _a258,849
037 _cTextual
040 _aARTS
_cARTS
_beng
041 _2eng
_aeng
082 _aX9:6p1(Y:4),N67, K8
245 0 _aFinancing of industrial development
260 _aParis
_bOrganisation for Economic Co-Operation and Development
_c1968
300 _a137p.
_ccm.
650 _aECONOMICS
942 _hX9:6p1(Y:4),N67, K8
_cTEXL
_2CC
999 _c288983
_d288983